00529nam a2200169Ia 4500008004100000020001500041041000800056082001600064100001700080245003600097250000600133260004400139300000800183650001900191999001900210952013000229210716s2004 xx 000 0 und d a0195669266 aeng a330.03 BLAJ aBlack, John. aOxford dictionary of economics. a2 aNew YorkbOxford University Pressc2004 a507 aEconomics(330) c198073d198073 00102ddc40738MBAaAIMITbAIMITd2004-09-01g245.00l0o330.03 BLAJpMBA00638r2025-07-21 00:00:00v196.00w2021-07-16yBK